000 00963nam a22003017a 4500
001 6530
003 FISKH
005 20250508095957.0
008 250508b cb ||||| |||| 00| 0 eng d
020 _a9780545776998
040 _aDLC
_cDLC
_dDLC
_beng
050 _a PZ7.A7415 W
082 _a813.6
100 1 _aArntson, Steven,
_d(1973-)
245 1 4 _aThe wrap-up list /
_cSteven Arntson.
250 _aThis edition first published in 2014
260 _aNew York :
_bScholastic,
_c2013
300 _a236 pages :
_c20 cm.
505 _aR
520 _a"When sixteen-year old Gabriela's death is foretold by a letter, she must complete her 'wrap-up list' before she's forced to say goodbye"--Provided by publisher.
521 8 _a740
_bLexile
521 8 _aR
_bRaz-Plus
650 1 _aDeath
_vFiction.
650 1 _aHispanic Americans
_vFiction.
906 _a7
_bcbc
_corignew
_d1
_eecip
_f20
_gy-gencatlg
942 _2ddc
_cBK
_n0
999 _c6530
_d6530